header

Consultation and cultural heritage : (Record no. 95811)

MARC details
000 -LEADER
fixed length control field 01832nam a2200433 i 4500
001 - CONTROL NUMBER
control field ebr10841093
003 - CONTROL NUMBER IDENTIFIER
control field CaPaEBR
006 - FIXED-LENGTH DATA ELEMENTS--ADDITIONAL MATERIAL CHARACTERISTICS--GENERAL INFORMATION
fixed length control field m o d
007 - PHYSICAL DESCRIPTION FIXED FIELD--GENERAL INFORMATION
fixed length control field cr cn|||||||||
008 - FIXED-LENGTH DATA ELEMENTS--GENERAL INFORMATION
fixed length control field 140313t20142014cau ob 001 0 eng d
020 ## - INTERNATIONAL STANDARD BOOK NUMBER
Cancelled/invalid ISBN 9781611323986
Cancelled/invalid ISBN 9781611323993
International Standard Book Number 9781611327786 (institutional eBook)
International Standard Book Number 9781611327441 (consumer eBook)
040 ## - CATALOGING SOURCE
Original cataloging agency CaPaEBR
Language of cataloging eng
Description conventions rda
-- pn
Transcribing agency CaPaEBR
035 ## - SYSTEM CONTROL NUMBER
System control number (OCoLC)871224460
050 14 - LIBRARY OF CONGRESS CALL NUMBER
Classification number CC35
Item number .N577 2014eb
082 04 - DEWEY DECIMAL CLASSIFICATION NUMBER
Classification number 363.6/9
Edition number 23
100 1# - MAIN ENTRY--PERSONAL NAME
Personal name Nissley, Claudia.
245 10 - TITLE STATEMENT
Title Consultation and cultural heritage :
Remainder of title let us reason together /
Statement of responsibility, etc Claudia Nissley, Thomas F. King.
264 #1 - PRODUCTION, PUBLICATION, DISTRIBUTION, MANUFACTURE, AND COPYRIGHT NOTICE
Place of production, publication, distribution, manufacture Walnut Creek, California :
Name of producer, publisher, distributor, manufacturer Left Coast Press,
Date of production, publication, distribution, manufacture, or copyright notice 2014.
Date of production, publication, distribution, manufacture, or copyright notice �2014
300 ## - PHYSICAL DESCRIPTION
Extent 1 online resource (176 pages)
336 ## - CONTENT TYPE
Content type term text
Source rdacontent
337 ## - MEDIA TYPE
Media type term computer
Source rdamedia
338 ## - CARRIER TYPE
Carrier type term online resource
Source rdacarrier
504 ## - BIBLIOGRAPHY, ETC. NOTE
Bibliography, etc Includes bibliographical references and index.
588 ## - SOURCE OF DESCRIPTION NOTE
Source of description note Description based on print version record.
590 ## - LOCAL NOTE (RLIN)
Local note Electronic reproduction. Palo Alto, Calif. : ebrary, 2014. Available via World Wide Web. Access may be limited to ebrary affiliated libraries.
650 #0 - SUBJECT ADDED ENTRY--TOPICAL TERM
Topical term or geographic name as entry element Cultural property
General subdivision Conservation and restoration.
Topical term or geographic name as entry element Environmental protection
General subdivision Management.
Topical term or geographic name as entry element Interagency coordination.
Topical term or geographic name as entry element Intergovernmental cooperation.
655 #0 - INDEX TERM--GENRE/FORM
Genre/form data or focus term Electronic books.
700 1# - ADDED ENTRY--PERSONAL NAME
Personal name King, Thomas F.
776 08 - ADDITIONAL PHYSICAL FORM ENTRY
Display text Print version:
Main entry heading Nissley, Claudia.
Title Consultation and cultural heritage : let us reason together.
Place, publisher, and date of publication Walnut Creek, California : Left Coast Press, c2014
Physical description 175 pages
International Standard Book Number 9781611323993
Record control number 2013041553
797 2# - LOCAL ADDED ENTRY--CORPORATE NAME (RLIN)
Corporate name or jurisdiction name as entry element ebrary.
856 40 - ELECTRONIC LOCATION AND ACCESS
Uniform Resource Identifier <a href="http://site.ebrary.com/lib/rucke/Doc?id=10841093">http://site.ebrary.com/lib/rucke/Doc?id=10841093</a>
Public note An electronic book accessible through the World Wide Web; click to view

No items available.

© 2026 Rongo University
Contact us: librarian | system librarian | Rongo university